Qumran and Stoicism: an analysis of some common traits
| Auteur principal: | |
|---|---|
| Type de support: | Imprimé Article |
| Langue: | Anglais |
| Vérifier la disponibilité: | HBZ Gateway |
| Interlibrary Loan: | Interlibrary Loan for the Fachinformationsdienste (Specialized Information Services in Germany) |
| Publié: |
2000
|
| Dans: |
The Dead Sea scrolls fifty years after their discovery
Année: 2000, Pages: 617-622 |
| Sujets / Chaînes de mots-clés standardisés: | B
Dead Sea scrolls, Manuscrits de la Mer Morte
/ Stoa
|
| RelBib Classification: | HD Judaïsme ancien VA Philosophie |
| Sujets non-standardisés: | B
Communauté de Qumrân
B Hellénisme B Stoïcisme (motif) |
MARC
| LEADER | 00000caa a22000002c 4500 | ||
|---|---|---|---|
| 001 | 1535633395 | ||
| 003 | DE-627 | ||
| 005 | 20220614103147.0 | ||
| 007 | tu | ||
| 008 | 160405s2000 xx ||||| 00| ||eng c | ||
| 020 | |a 9789652210388 | ||
| 035 | |a (DE-627)1535633395 | ||
| 035 | |a (DE-576)465633390 | ||
| 035 | |a (DE-599)BSZ465633390 | ||
| 040 | |a DE-627 |b ger |c DE-627 |e rakwb | ||
| 041 | |a eng | ||
| 084 | |a 1 |2 ssgn | ||
| 100 | 1 | |0 (DE-588)1071690868 |0 (DE-627)826264379 |0 (DE-576)175475121 |4 aut |a Martone, Corrado |d 1963- | |
| 109 | |a Martone, Corrado 1963- | ||
| 245 | 1 | 0 | |a Qumran and Stoicism |b an analysis of some common traits |
| 264 | 1 | |c 2000 | |
| 336 | |a Text |b txt |2 rdacontent | ||
| 337 | |a ohne Hilfsmittel zu benutzen |b n |2 rdamedia | ||
| 338 | |a Band |b nc |2 rdacarrier | ||
| 650 | 0 | 7 | |0 (DE-588)4048097-5 |0 (DE-627)106192388 |0 (DE-576)209076046 |a Qumrangemeinde |2 gnd |
| 650 | 0 | 7 | |0 (DE-588)4024313-8 |0 (DE-627)106299255 |0 (DE-576)208954449 |a Hellenismus |2 gnd |
| 650 | 0 | 7 | |0 (DE-588)4128559-1 |0 (DE-627)105716502 |0 (DE-576)209603119 |a Stoizismus |2 gnd |
| 652 | |a HD:VA | ||
| 689 | 0 | 0 | |d u |0 (DE-588)4048098-7 |0 (DE-627)10619237X |0 (DE-576)209076054 |a Dead Sea scrolls |2 gnd |t Qumrantexte |
| 689 | 0 | 1 | |d s |0 (DE-588)4077910-5 |0 (DE-627)106079026 |0 (DE-576)209206594 |2 gnd |a Stoa |
| 689 | 0 | |5 (DE-627) | |
| 773 | 0 | 8 | |i In |t The Dead Sea scrolls fifty years after their discovery |d Jerusalem : Israel Exploration Society ; The Shrine of the Book, Israel Museum, 2000 |g (2000), Seite 617-622 |h XXI, 970 S. |w (DE-627)327449349 |w (DE-576)089088417 |z 9789652210388 |z 9652210382 |7 nnam |
| 773 | 1 | 8 | |g year:2000 |g pages:617-622 |
| 935 | |a mteo |a BIIN | ||
| 951 | |a AR | ||
| BIB | |a 1 | ||
| ELC | |b 1 | ||
| ITA | |a 1 |t 1 | ||
| LOK | |0 000 xxxxxcx a22 zn 4500 | ||
| LOK | |0 001 2914928009 | ||
| LOK | |0 003 DE-627 | ||
| LOK | |0 004 1535633395 | ||
| LOK | |0 005 20160405132409 | ||
| LOK | |0 008 160404||||||||||||||||ger||||||| | ||
| LOK | |0 040 |a DE-Tue135 |c DE-627 |d DE-Tue135 | ||
| LOK | |0 092 |o n | ||
| LOK | |0 852 |a DE-Tue135 | ||
| LOK | |0 852 1 |9 00 | ||
| LOK | |0 935 |a ixko |a ixmi | ||
| LOK | |0 936ln |0 1442044160 |a HD | ||
| LOK | |0 936ln |0 1442053844 |a VA | ||
| LOK | |0 939 |a 04-04-16 |b l01 | ||
| LOK | |0 000 xxxxxcx a22 zn 4500 | ||
| LOK | |0 001 3059050988 | ||
| LOK | |0 003 DE-627 | ||
| LOK | |0 004 1535633395 | ||
| LOK | |0 005 20190311201345 | ||
| LOK | |0 008 190311||||||||||||||||ger||||||| | ||
| LOK | |0 035 |a (DE-Tue135-1)123107 | ||
| LOK | |0 040 |a DE-Tue135-1 |c DE-627 |d DE-Tue135-1 | ||
| LOK | |0 852 |a DE-Tue135-1 | ||
| LOK | |0 852 1 |c FTHNT047422/MEC |m p |9 00 | ||
| LOK | |0 852 2 |b Y 25 |9 00 | ||
| LOK | |0 935 |a iSWA | ||
| LOK | |0 936ln |0 1442044160 |a HD | ||
| LOK | |0 938 |k p | ||
| LOK | |0 939 |a 11-03-19 |b l12 | ||
| ORI | |a SA-MARC-ixtheoa001.raw | ||
| REL | |a 1 | ||
| STA | 0 | 0 | |a Hellenism,Qumran Community,Stoa,Stoicism,Stoicism (motif),Stoicism |
| STB | 0 | 0 | |a Communauté de Qumrân,Hellénisme,Stoa,Stoïcisme (motif),Stoïcisme |
| STC | 0 | 0 | |a Comunidad de Qumran,Estoicismo,Helenismo |
| STD | 0 | 0 | |a Ellenismo,Setta di Qumran,Comunità di Qumran,Comunità di Qumran,Stoa,Stoicismo |
| STE | 0 | 0 | |a 希腊化时代,斯多亚,斯多葛主义,期多葛派,斯多噶主义,昆兰社团,昆兰教派 |
| STF | 0 | 0 | |a 希臘化時代,斯多亞,斯多葛主義,期多葛派,斯多噶主義,昆蘭社團,昆蘭教派 |
| STG | 0 | 0 | |a Comunidade de Qumran,Estoicismo,Helenismo |
| STH | 0 | 0 | |a Община Кумрана,Стоицизм,Эллинизм |
| STI | 0 | 0 | |a Ελληνισμός,Κοινότητα του Κουμράν,Στοά,Στωικισμός |
| SUB | |a BIB |a REL | ||
| SYE | 0 | 0 | |a Jachad von Qumran,Chassidim,Essener,Essener,Gemeinde von Qumran,Gemeinschaft von Qumran,Kumransekte,Qumran-Gemeinde,Qumrangemeinschaft,Qumransekte , Hellenistische Zeit |
| SYG | 0 | 0 | |a Stoiker,Stoische Philosophie,Stoizismus |



